Complex social networks (Record no. 38162)

MARC details
000 -LEADER
fixed length control field 01121nam a2200277 a 4500
008 - FIXED-LENGTH DATA ELEMENTS--GENERAL INFORMATION
fixed length control field 181016s2007 ||||||||||||||||| || u
020 ## - INTERNATIONAL STANDARD BOOK NUMBER
International Standard Book Number 9780521674096
020 ## - INTERNATIONAL STANDARD BOOK NUMBER
International Standard Book Number 9780521857406 (hardback)
020 ## - INTERNATIONAL STANDARD BOOK NUMBER
International Standard Book Number 0521674093 (pbk.)
020 ## - INTERNATIONAL STANDARD BOOK NUMBER
International Standard Book Number 0521857406 (hardback)
050 ## - LIBRARY OF CONGRESS CALL NUMBER
Classification number HM 741 Veg
100 ## - MAIN ENTRY--PERSONAL NAME
Personal name Vega-Redondo, Fernando
245 10 - TITLE STATEMENT
Title Complex social networks
Statement of responsibility, etc. Fernando Vega-Redondo.
260 ## - PUBLICATION, DISTRIBUTION, ETC.
Place of publication, distribution, etc. New York:
Name of publisher, distributor, etc. Cambridge University Press
Date of publication, distribution, etc. 2007
300 ## - PHYSICAL DESCRIPTION
Extent xiv, 294 p. : ill. ; 24 cm.
350 ## - PRICE (NR) (BK AM CF MU VM SE) [OBSOLETE]
Price 46.99
490 ## - SERIES STATEMENT
Series statement Econometric Society monographs
490 ## - SERIES STATEMENT
Volume/sequential designation no. 44
500 ## - GENERAL NOTE
General note Includes bibliographical references (p. [275]-289) and index.
650 #0 - SUBJECT ADDED ENTRY--TOPICAL TERM
Topical term or geographic name entry element SOCIAL NETWORKS
650 #0 - SUBJECT ADDED ENTRY--TOPICAL TERM
Topical term or geographic name entry element SOCIOMETRY
856 ## - ELECTRONIC LOCATION AND ACCESS
Uniform Resource Identifier <a href="http://www.loc.gov/catdir/enhancements/fy0702/2006030242-d.html">http://www.loc.gov/catdir/enhancements/fy0702/2006030242-d.html</a>
856 ## - ELECTRONIC LOCATION AND ACCESS
Uniform Resource Identifier <a href="http://www.loc.gov/catdir/enhancements/fy0729/2006030242-b.html">http://www.loc.gov/catdir/enhancements/fy0729/2006030242-b.html</a>
856 ## - ELECTRONIC LOCATION AND ACCESS
Uniform Resource Identifier <a href="http://www.loc.gov/catdir/enhancements/fy0702/2006030242-t.html">http://www.loc.gov/catdir/enhancements/fy0702/2006030242-t.html</a>
995 ## - RECOMMENDATION 995 [LOCAL, UNIMARC FRANCE]
-- CBU-MAIN LIBRARY (Kitwe)
-- 46.99
-- 1
-- AVAILABLE
-- Oct 16, 2018
-- Main Library Open Access Collection
Holdings
Withdrawn status Lost status Source of classification or shelving scheme Damaged status Not for loan Home library Current library Shelving location Date acquired Total Checkouts Full call number Barcode Date last seen Price effective from Koha item type
          CBU-MAIN LIBRARY, KITWE. CBU-MAIN LIBRARY, KITWE.   11/30/2022   HM 741 Veg 748511 11/30/2022 11/30/2022 MONOGRAPH